00431nam a2200181 a 4500001001300000003000900013005001700022008004100039020000900080082001300089100001800102245001000120260004500130300000900175500003500184505002000219650001000239nice12345678IN_TiNIC20260116012224.0050524s1976 dela grp 000 0 eng  ac5000a954bMOR aMoraes, Frank aIndia aDelhi bVikas Pub House Pvt. Ltd. c1976 a232p aincludes index and biblioraphy2 aIllus, Appendex aIndia